Impact of the global economic crisis on small and medium-sized enterprises in Slovakia
Dopad globálnej ekonomickej krízy na malé a stredné podniky v Európskej únii. Globálna ekonomická kríza a malé a stredné podniky v Slovenskej republike. Podniky, ktoré chcú uspieť v čase krízy a po kríze, musia zaktivizovať svoju činnosť a nastaviť sa na proces globálnej obnovy.
Enregistré dans:
| Auteur principal: | |
|---|---|
| Format: | Chapitre de livre |
| Langue: | anglais |
| Sujets: | |
| Tags: |
Pas de tags, Soyez le premier à ajouter un tag!
|
MARC
| LEADER | 00000nla$a2200000$$$4500 | ||
|---|---|---|---|
| 001 | 0143586 | ||
| 005 | 20240502072557.0 | ||
| 041 | 0 | |a eng | |
| 044 | |a SK | ||
| 245 | 1 | 0 | |a Impact of the global economic crisis on small and medium-sized enterprises in Slovakia |c Michaela Kinčáková |
| 520 | |a Dopad globálnej ekonomickej krízy na malé a stredné podniky v Európskej únii. Globálna ekonomická kríza a malé a stredné podniky v Slovenskej republike. Podniky, ktoré chcú uspieť v čase krízy a po kríze, musia zaktivizovať svoju činnosť a nastaviť sa na proces globálnej obnovy. | ||
| 610 | 2 | 0 | |a podnik malý |
| 610 | 2 | 0 | |a podnik stredný |
| 610 | 2 | 0 | |a podnikanie |
| 610 | 2 | 0 | |a zamestnanosť |
| 610 | 2 | 0 | |a kríza hospodárska |
| 610 | 2 | 0 | |a Slovensko |
| 610 | 2 | 0 | |a Európska únia |
| 100 | 1 | |a Kinčáková, Michaela | |